书目信息 |
| 题名: |
现代期刊编辑学
|
|
| 作者: | 龚维忠 编著 | |
| 分册: | ||
| 出版信息: | 北京 北京大学出版社 2007 |
|
| 页数: | 300页 | |
| 开本: | 23cm | |
| 丛书名: | ||
| 单 册: | ||
| 中图分类: | G237.5 | |
| 科图分类: | ||
| 主题词: | 期刊--编辑学--高等教育--教材 , 期刊 , 编辑学 | |
| 电子资源: | ||
| ISBN: | 978-7-301-12313-3 | |
| 000 | 01110nam0 2200277 450 | |
| 001 | 003661159 | |
| 005 | 20091207084856.97 | |
| 010 | @a978-7-301-12313-3@dCNY32.00 | |
| 100 | @a20070318d2007 em y0chiy0110 ea | |
| 101 | 0 | @achi |
| 102 | @aCN@b110000 | |
| 105 | @ay z 000yy | |
| 106 | @ar | |
| 200 | 1 | @a现代期刊编辑学@9xian dai qi kan bian ji xue@dContemporary practice in periodical editing@f龚维忠编著@zeng |
| 210 | @a北京@c北京大学出版社@d2007 | |
| 215 | @a300页@d23cm | |
| 300 | @a21世纪新闻与传播学系列教材 湖南省高等教育21世纪课程教材 | |
| 330 | @a本书从学科涵盖关系的新视角,对期刊编辑学的产生、发展及理论基础进行了简明论述,用比较研究的方法,从不同角度讨论了期刊传播的本质特征和基本规律;在突破传统的期刊编辑“六艺”流程的基础上,重点阐述了期刊的栏目策划、集稿的内涵,审稿与编辑加工等环节。 | |
| 510 | 1 | @aContemporary practice in periodical editing@zeng |
| 606 | 0 | @a期刊@x编辑学@x高等教育@j教材 |
| 606 | 0 | @a期刊 |
| 606 | 0 | @a编辑学 |
| 690 | @aG237.5@v4 | |
| 701 | 0 | @a龚维忠@9gong wei zhong@f(1950.11~)@4编著 |
| 801 | 0 | @aCN@bNLC@c20091207 |
| 905 | @b20795741-45@dG237.5@e51@f5 | |
| 现代期刊编辑学=Contemporary practice in periodical editing/龚维忠编著.-北京:北京大学出版社,2007 |
| 300页;23cm |
| 21世纪新闻与传播学系列教材 湖南省高等教育21世纪课程教材 |
| ISBN 978-7-301-12313-3:CNY32.00 |
| 本书从学科涵盖关系的新视角,对期刊编辑学的产生、发展及理论基础进行了简明论述,用比较研究的方法,从不同角度讨论了期刊传播的本质特征和基本规律;在突破传统的期刊编辑“六艺”流程的基础上,重点阐述了期刊的栏目策划、集稿的内涵,审稿与编辑加工等环节。 |
| ● |
| 相关链接 |
|
|
|
|
正题名:现代期刊编辑学
索取号:G237.5/51
 
预约/预借
| 序号 | 登录号 | 条形码 | 馆藏地/架位号 | 状态 | 备注 |
| 1 | 795741 | 207957415 | 第一样本阅览室/ [索取号:G237.5/51] | 在馆 | |
| 2 | 795742 | 207957424 | 第四借阅区/ [索取号:G237.5/51] | 在馆 | |
| 3 | 795743 | 207957433 | 第四借阅区/ [索取号:G237.5/51] | 在馆 | |
| 4 | 795744 | 207957442 | 第四借阅区/ [索取号:G237.5/51] | 在馆 | |
| 5 | 795745 | 207957451 | 密集书库-文学院/ [索取号:G237.5/51] | 在馆 |